000 00282nam a22001217a 4500
008 170303b xxu||||| |||| 00| 0 eng d
041 _aeng
080 _a575
100 _a6
101 _aSHM
245 _aREADINGS IN ECOLOGY AND ECOLOGICAL GENETICS
_cCONNELL, J.H
942 _2udc
_cBK
999 _c6771
_d6771